=LDR 00000nam 2200000 4500 =001 INLIS000000000039383 =005 20130612145019 =008 ***********************************ind** =035 ##$$0010-061300000039383 =041 ##$$a ind =082 ##$$a 813.01 =090 ##$$a 813.01, Ear d.1 =100 ##$$a WARDHANA, Veven Sp =245 ##$$a Dari mana datangnya mata, Veven Sp. Wardhana =260 ##$$a 2004 $b Jakarta =300 ##$$a 131, 21 cm =650 ##$$a FIKSI INDONESIA - CERITA PENDEK =850 ##$$a NBPNMAT =990 ##$$a 21195297/BPAP-NTB/2014 =990 ##$$a 21400613/BPAP-NTB/20142014 =990 ##$$a 0001/BPAP-NTB/20142015